[Event "Recife Arraes Memorial 6th"]
[Site "Recife"]
[Date "2013.06.08"]
[Round "4"]
[White "Born, Ary"]
[Black "Da Silva, Kleriston Azevedo"]
[Result "1-0"]
[WhiteElo "1462"]
[BlackElo "1800"]
[PlyCount "71"]
[EventDate "2013.06.06"]
[EventType "swiss"]
[EventRounds "7"]
[EventCountry "BRA"]
[SourceTitle "EXT 2014"]
[Source "ChessBase"]
[SourceDate "2013.11.20"]
[SourceVersion "1"]
[SourceVersionDate "2013.11.20"]
[SourceQuality "1"]

1. Nf3 Nf6 2. d4 e6 3. Bf4 d5 4. c3 Nbd7 5. Nbd2 h6 6. h3 c6 7. Qc2 b5 8. a3 a6 9. e4 Bb7 10. e5 Nh5 11. Bh2 g6 12. Bd3 Rg8 13. g4 Ng7 14. h4 c5 15. Bf4 h5 16. gxh5 Nxh5 17. Bg5 Be7 18. 0-0-0 Bxg5 19. hxg5 c4 20. Bf1 Qa5 21. Nb1 Bc6 22. Rxh5 gxh5 23. Qh7 0-0-0 24. Qxf7 Rdf8 25. Qxe6 Rxf3 26. Qxc6+ Qc7 27. Qxa6+ Qb7 28. Qd6 Nf8 29. Qc5+ Qc7 30. Qxb5 Rf7 31. Bh3+ Nd7 32. Qxd5 Qb7 33. Qxf7 Kb8 34. Qxc4 Nb6 35. Qb4 Ka7 36. Nd2 1-0

[Event "Joao Pessoa op 4th"]
[Site "Joao Pessoa"]
[Date "2013.03.17"]
[Round "5"]
[White "De Souza, Jose Roberto"]
[Black "Da Silva, Kleriston Azevedo"]
[Result "1-0"]
[WhiteElo "1723"]
[BlackElo "1800"]
[PlyCount "41"]
[EventDate "2013.03.15"]
[EventType "swiss"]
[EventRounds "6"]
[EventCountry "BRA"]
[SourceTitle "CBM 153 Extra"]
[Source "ChessBase"]
[SourceDate "2013.04.22"]
[SourceVersion "1"]
[SourceVersionDate "2013.04.22"]
[SourceQuality "1"]

1. d4 d5 2. c4 c6 3. Nf3 h6 4. Nc3 Nf6 5. cxd5 cxd5 6. e3 e6 7. Bd3 Bd6 8. 0-0 0-0 9. Re1 a6 10. a4 Nc6 11. Bd2 Re8 12. Ne2 Nb4 13. Bxb4 Bxb4 14. Nc3 Qa5 15. Qc2 Ne4 16. Bxe4 Bxc3 17. Bh7+ Kh8 18. bxc3 g6 19. Bxg6 fxg6 20. Qxg6 Rg8 21. Qxh6# 1-0

[Event "Joao Pessoa op 4th"]
[Site "Joao Pessoa"]
[Date "2013.03.15"]
[Round "1"]
[White "Coelho, Ronielly Santana"]
[Black "Da Silva, Kleriston Azevedo"]
[Result "1-0"]
[WhiteElo "1884"]
[BlackElo "1800"]
[PlyCount "67"]
[EventDate "2013.03.15"]
[EventType "swiss"]
[EventRounds "6"]
[EventCountry "BRA"]
[SourceTitle "CBM 153 Extra"]
[Source "ChessBase"]
[SourceDate "2013.04.22"]
[SourceVersion "1"]
[SourceVersionDate "2013.04.22"]
[SourceQuality "1"]

1. d4 d5 2. Nf3 Bf5 3. Bf4 e6 4. e3 a6 5. Bd3 Bxd3 6. Qxd3 h6 7. 0-0 Nf6 8. h3 Bd6 9. Ne5 0-0 10. Nd2 Bxe5 11. dxe5 Nfd7 12. Bh2 Nc6 13. f4 Re8 14. c3 Nf8 15. Nf3 Ng6 16. Nd4 Rb8 17. Rf2 Qd7 18. g4 Rf8 19. Bg3 Qe7 20. Nxc6 bxc6 21. Qxa6 Rb6 22. Qd3 Nh4 23. a4 Rfb8 24. b4 Ra8 25. Kh2 c5 26. bxc5 Rb3 27. f5 Ra5 28. f6 Qxc5 29. Bxh4 Rxc3 30. Qd4 Rxe3 31. Qxc5 Rxc5 32. a5 Rxe5 33. a6 Re3 34. a7 1-0